[Event "España ch sub-18 2007"]
[Site "Granada ESP"]
[Date "2007.08.03"]
[Round "8.9"]
[White "Garcia-Ortega Mendez, Jose Manuel"]
[Black "Trigo Urquijo, Sergio"]
[Result "1/2-1/2"]
[WhiteElo "2151"]
[BlackElo "2145"]
[PlyCount "138"]
[EventDate "2007.07.29"]
[EventType "swiss"]
[EventRounds "9"]
[EventCountry "ESP"]
[Source "lmi"]
[SourceDate "2007.07.29"]

1. d4 d6 2. e4 Nf6 3. Nc3 e5 4. Nf3 Nbd7 5. Bc4 Be7 6. O-O O-O 7. a4 c6 8. a5
Rb8 9. Qe2 Qc7 10. Ng5 Qd8 11. Nf3 Qc7 12. Rd1 b5 13. axb6 axb6 14. d5 b5 15.
Ba2 b4 16. dxc6 bxc3 17. cxd7 Bxd7 18. bxc3 Qxc3 19. Bg5 Rb2 20. Ne1 Rb4 21.
Bd2 Rxe4 22. Bxc3 Rxe2 23. Bc4 Re4 24. Bd3 Ra4 25. Rxa4 Bxa4 26. Ra1 Bc6 27.
Ra6 Rc8 28. Bf5 Bd7 29. Bxd7 Nxd7 30. Bb4 Nb8 31. Ra8 Rf8 32. Ra7 Re8 33. Ra8
Kf8 34. Ba3 Nd7 35. Ra7 Nb6 36. Ra6 Nc4 37. Bb4 Rb8 38. Nd3 g5 39. f3 h5 40.
Rc6 d5 41. Bxe7+ Kxe7 42. Rc7+ Kf6 43. Rc6+ Kf5 44. Nc5 Rd8 45. Kf2 g4 46. Nd3
gxf3 47. gxf3 f6 48. Nb4 Na3 49. Rc5 d4 50. c3 dxc3 51. Rxc3 Nb5 52. Rd3 Ra8
53. Nd5 Nd4 54. Ne3+ Ke6 55. f4 Ra2+ 56. Kf1 Rxh2 57. fxe5 Kxe5 58. Ng2 Rh1+
59. Kf2 h4 60. Re3+ Kd5 61. Ra3 f5 62. Rc3 Nb5 63. Rd3+ Ke4 64. Re3+ Kd4 65.
Rb3 Kc4 66. Rf3 Nd6 67. Ne3+ Kb4 68. Nxf5 Nxf5 69. Rxf5 h3 1/2-1/2

[Event "España ch sub-18 2007"]
[Site "Granada ESP"]
[Date "2007.08.03"]
[Round "8.10"]
[White "Vallejo Diaz, Javier"]
[Black "Guadamuro Torrente, Anabel"]
[Result "1/2-1/2"]
[WhiteElo "2319"]
[BlackElo "2095"]
[PlyCount "49"]
[EventDate "2007.07.29"]
[EventType "swiss"]
[EventRounds "9"]
[EventCountry "ESP"]
[Source "lmi"]
[SourceDate "2007.07.29"]

1. e4 e5 2. Nf3 Nc6 3. Bb5 Nf6 4. O-O Nxe4 5. d4 Nd6 6. dxe5 Nxb5 7. a4 Nbd4 8.
Nxd4 Nxd4 9. Qxd4 d5 10. exd6 Qxd6 11. Qe3+ Be6 12. Nc3 Qc5 13. Nb5 Qxe3 14.
Bxe3 Bd6 15. Rfd1 Ke7 16. a5 a6 17. Nxd6 cxd6 18. Ra4 Rhd8 19. Bd4 f6 20. Bb6
Rd7 21. Rh4 h6 22. Re4 Kf7 23. Red4 Rc8 24. R1d2 Rc4 25. Rxc4 1/2-1/2

[Event "España ch sub-18 2007"]
[Site "Granada ESP"]
[Date "2007.08.03"]
[Round "8.11"]
[White "Rubio Mejia, Luis Ignacio"]
[Black "Romero Lopez, Marta"]
[Result "1-0"]
[WhiteElo "2270"]
[BlackElo "2004"]
[PlyCount "119"]
[EventDate "2007.07.29"]
[EventType "swiss"]
[EventRounds "9"]
[EventCountry "ESP"]
[Source "lmi"]
[SourceDate "2007.07.29"]

1. d4 d5 2. c4 c6 3. Nf3 Bf5 4. Nc3 e6 5. Qb3 Qc8 6. Nh4 Bg6 7. Nxg6 hxg6 8.
Bf4 Nf6 9. Rc1 dxc4 10. Qxc4 Qd8 11. e4 Nbd7 12. Rd1 Qa5 13. e5 Nd5 14. Bd2
N7b6 15. Qb3 Qb4 16. Qxb4 Bxb4 17. Ne4 Be7 18. Bd3 O-O-O 19. Bc1 Nb4 20. Bb1
N4d5 21. Ke2 Nc7 22. b3 Nb5 23. Bb2 Nd5 24. a4 Nbc7 25. h4 Kb8 26. g3 Na6 27.
f4 Nac7 28. Rhf1 Bb4 29. Rf3 Rd7 30. Rh1 Be7 31. Ng5 Rf8 32. h5 gxh5 33. Rxh5
g6 34. Rh7 f6 35. exf6 Rxf6 36. Rh8+ Rf8 37. Rxf8+ Bxf8 38. Bxg6 Be7 39. Nf7
Bf6 40. Ne5 Rd8 41. Kf2 Ne7 42. Be4 Nf5 43. Rd3 Kc8 44. g4 Nd6 45. Bf3 Nd5 46.
Kg3 Rh8 47. Bc1 Bh4+ 48. Kg2 Nb4 49. Rd1 Bf6 50. Ba3 Nc2 51. Bxd6 Ne3+ 52. Kg1
Nxd1 53. Bxd1 Rh3 54. g5 Bxe5 55. Bxe5 Kd7 56. Kf2 Ke7 57. g6 Rd3 58. g7 Kf7
59. Bh5+ Kg8 60. Bg4 1-0

[Event "España ch sub-18 2007"]
[Site "Granada ESP"]
[Date "2007.08.03"]
[Round "8.12"]
[White "Robles Garcia, Claudia"]
[Black "De Nacimiento Montaño, Angel"]
[Result "1-0"]
[WhiteElo "2167"]
[BlackElo "1999"]
[PlyCount "135"]
[EventDate "2007.07.29"]
[EventType "swiss"]
[EventRounds "9"]
[EventCountry "ESP"]
[Source "lmi"]
[SourceDate "2007.07.29"]

1. d4 g6 2. c4 Bg7 3. Nc3 c5 4. d5 Bxc3+ 5. bxc3 Qa5 6. Qc2 f5 7. Bf4 d6 8. e3
Nf6 9. Bd3 Nbd7 10. Nf3 Nb6 11. O-O Bd7 12. Nd2 O-O-O 13. f3 h6 14. e4 g5 15.
e5 Nfxd5 16. cxd5 gxf4 17. exd6 exd6 18. c4 Kb8 19. Nb3 Qa4 20. Qc1 Bc8 21. Re1
Rhg8 22. Bf1 Ka8 23. Qxf4 Nxd5 24. Qxh6 Nb4 25. Qd2 Qd7 26. Rad1 Nc6 27. Qf4 b6
28. Rd2 Rg6 29. Bd3 Re6 30. Red1 Qe7 31. Kf2 Re8 32. h3 Re1 33. Kg3 Rxd1 34.
Rxd1 Ne5 35. Bxf5 Rf8 36. Be4+ Kb8 37. Qd2 Nxc4 38. Qd5 Qe5+ 39. Qxe5 dxe5 40.
h4 Ne3 41. Rg1 c4 42. Nc1 Bb7 43. Bxb7 Kxb7 44. Kh3 Nd5 45. Re1 Nf4+ 46. Kh2
Ng6 47. h5 Rh8 48. g4 Kc6 49. Kg3 Nf4 50. Rxe5 Nd5 51. f4 Kd6 52. Ne2 Rf8 53.
Re4 b5 54. h6 c3 55. g5 Ne7 56. Nxc3 a6 57. Kg4 Kd7 58. Kh5 Nf5 59. Re5 Ng3+
60. Kg4 Nh1 61. h7 Nf2+ 62. Kh5 Nh3 63. f5 Kd6 64. Re6+ Kd7 65. Rf6 Rh8 66. g6
Ke7 67. Nd5+ Ke8 68. Kh6 1-0

[Event "España ch sub-18 2007"]
[Site "Granada ESP"]
[Date "2007.08.03"]
[Round "8.13"]
[White "Martin Alvarez, Iñigo"]
[Black "Herrera Delgado, Alejandro"]
[Result "1-0"]
[WhiteElo "2154"]
[BlackElo "2150"]
[PlyCount "57"]
[EventDate "2007.07.29"]
[EventType "swiss"]
[EventRounds "9"]
[EventCountry "ESP"]
[Source "lmi"]
[SourceDate "2007.07.29"]

1. e4 c5 2. Nf3 g6 3. d4 cxd4 4. Nxd4 Nc6 5. c4 Nf6 6. Nc3 d6 7. Be2 Bg7 8. Nc2
Nd7 9. O-O Bxc3 10. bxc3 O-O 11. Bh6 Re8 12. f4 Nc5 13. f5 Nxe4 14. fxg6 hxg6
15. Rxf7 Kxf7 16. Qd5+ Be6 17. Qxe4 Bf5 18. Rf1 Rh8 19. Rxf5+ Ke8 20. Rf2 Rxh6
21. Bg4 Ne5 22. Nb4 g5 23. Be6 Qb6 24. Nd5 Qc5 25. Qf5 Rh8 26. Qxg5 Ng6 27.
Qxg6+ Kd8 28. Qg7 Re8 29. Bf7 1-0

[Event "España ch sub-18 2007"]
[Site "Granada ESP"]
[Date "2007.08.03"]
[Round "8.14"]
[White "Ribes Peris, Alvaro"]
[Black "Aguado Solana, Juan"]
[Result "0-1"]
[WhiteElo "2135"]
[BlackElo "1995"]
[PlyCount "54"]
[EventDate "2007.07.29"]
[EventType "swiss"]
[EventRounds "9"]
[EventCountry "ESP"]
[Source "lmi"]
[SourceDate "2007.07.29"]

1. d4 d5 2. c4 c6 3. Nf3 e6 4. e3 Nf6 5. Nc3 Be7 6. b3 Nbd7 7. Bd3 b6 8. O-O
O-O 9. e4 Bb4 10. Bg5 Bxc3 11. Rc1 Bb4 12. e5 h6 13. exf6 hxg5 14. Nxg5 Nxf6
15. f4 g6 16. h4 Kg7 17. g4 Rh8 18. h5 gxh5 19. gxh5 Rxh5 20. Nh7 Rh4 21. Nxf6
Qxf6 22. Bb1 Bd7 23. Rc2 Rah8 24. Rg2+ Kf8 25. f5 Rxd4 26. Qf3 c5 27. Rff2 Qh4
0-1

[Event "España ch sub-18 2007"]
[Site "Granada ESP"]
[Date "2007.08.03"]
[Round "8.15"]
[White "Fidalgo Fernandez, Lucia"]
[Black "Senlle Caride, Miguel"]
[Result "0-1"]
[WhiteElo "2068"]
[BlackElo "2179"]
[PlyCount "112"]
[EventDate "2007.07.29"]
[EventType "swiss"]
[EventRounds "9"]
[EventCountry "ESP"]
[Source "lmi"]
[SourceDate "2007.07.29"]

1. e4 e5 2. Nf3 Nc6 3. Bb5 a6 4. Ba4 Nf6 5. O-O b5 6. Bb3 Bc5 7. c3 d6 8. a4
Bg4 9. d3 h6 10. h3 Bh5 11. Be3 Bxe3 12. fxe3 O-O 13. Qe1 Rb8 14. axb5 axb5 15.
Qg3 d5 16. exd5 Nxd5 17. Nxe5 Qd6 18. d4 Nxe5 19. Qxe5 Qxe5 20. dxe5 Nxe3 21.
Re1 Nc4 22. Na3 Nxb2 23. e6 fxe6 24. Bxe6+ Kh8 25. Reb1 Nd3 26. Rxb5 Rxb5 27.
Nxb5 c6 28. Nd4 c5 29. Nb3 Re8 30. Bc4 Ne5 31. Bd5 c4 32. Nd4 Bf7 33. Bxf7 Nxf7
34. Ra7 Nd6 35. Rd7 Ne4 36. Rc7 Nxc3 37. Rxc4 Nd5 38. Rc5 Nf4 39. Rf5 Re4 40.
Nf3 g5 41. Re5 Ra4 42. Re7 Ra1+ 43. Kh2 Ra2 44. Ne1 Kg8 45. Kg3 Kf8 46. Re4 Kf7
47. h4 Nh5+ 48. Kh3 Ra3+ 49. Nf3 Nf6 50. Rc4 g4+ 51. Kg3 gxf3 52. gxf3 Kg6 53.
Rc6 Ra5 54. Rc4 Kf5 55. Rf4+ Ke5 56. Rb4 Nd5 0-1

[Event "España ch sub-18 2007"]
[Site "Granada ESP"]
[Date "2007.08.03"]
[Round "8.16"]
[White "Garcia Blanco, Omar"]
[Black "Mejuto De Ulloa, Jorge"]
[Result "1-0"]
[WhiteElo "2148"]
[BlackElo "2062"]
[PlyCount "109"]
[EventDate "2007.07.29"]
[EventType "swiss"]
[EventRounds "9"]
[EventCountry "ESP"]
[Source "lmi"]
[SourceDate "2007.07.29"]

1. e4 c5 2. c3 Nf6 3. e5 Nd5 4. Nf3 e6 5. d4 cxd4 6. cxd4 b6 7. Nc3 Nxc3 8.
bxc3 Qc7 9. Bb2 Bb7 10. Bd3 d6 11. O-O Nd7 12. exd6 Bxd6 13. c4 O-O-O 14. Qe2
Qc6 15. Rfc1 Kb8 16. Rab1 Ka8 17. c5 bxc5 18. Ba3 Nf6 19. Bxc5 Rc8 20. Bb5 Qd5
21. Bc4 Qc6 22. Bb5 Qd5 23. Ba6 Bxa6 24. Qxa6 Bxc5 25. dxc5 Qc6 26. Qa3 Nd5 27.
Nd4 Qc7 28. Nb5 Qe7 29. Qa6 Rxc5 30. Rxc5 Qxc5 31. Nxa7 Nb4 32. Qa4 Qxa7 33.
Qxb4 Rb8 34. Qxb8+ Qxb8 35. Rxb8+ Kxb8 36. Kf1 Kb7 37. Ke2 Kc6 38. Kd3 Kc5 39.
h4 h6 40. Ke4 f6 41. h5 Kc4 42. a4 Kb4 43. Kd4 Kxa4 44. Kc5 e5 45. Kd5 Kb4 46.
Ke6 Kc4 47. Kf7 f5 48. Ke6 Kd4 49. Kxf5 e4 50. g3 Kd3 51. g4 e3 52. fxe3 Kxe3
53. Kg6 Kf4 54. Kxg7 Kg5 55. Kh7 1-0

[Event "España ch sub-18 2007"]
[Site "Granada ESP"]
[Date "2007.08.03"]
[Round "8.17"]
[White "Tirapo Larcuen, Ana"]
[Black "Lopez Quevedo, Angel Carlos"]
[Result "0-1"]
[WhiteElo "1900"]
[BlackElo "2148"]
[PlyCount "72"]
[EventDate "2007.07.29"]
[EventType "swiss"]
[EventRounds "9"]
[EventCountry "ESP"]
[Source "lmi"]
[SourceDate "2007.07.29"]

1. Nf3 d5 2. g3 Nf6 3. Bg2 e6 4. d3 Be7 5. Nbd2 c5 6. O-O Nc6 7. e4 O-O 8. e5
Nd7 9. Qe2 Rb8 10. Re1 Qc7 11. Nf1 b5 12. a4 b4 13. h4 Ba6 14. N1h2 Rfc8 15.
Bf4 Nd4 16. Nxd4 cxd4 17. Rac1 Qb6 18. Nf3 b3 19. Ng5 h6 20. Nf3 Nc5 21. Red1
Nxa4 22. cxb3 Qxb3 23. Rxc8+ Rxc8 24. Nxd4 Qxb2 25. Qxb2 Nxb2 26. Ra1 Bxd3 27.
Bf1 Bc5 28. Nb3 Bb6 29. Be3 Bxe3 30. fxe3 Bxf1 31. Kxf1 Rc7 32. Nd4 Nc4 33. Ke2
a5 34. Nb5 Rb7 35. Nd6 Rb2+ 36. Kd3 Nxe5+ 0-1

[Event "España ch sub-18 2007"]
[Site "Granada ESP"]
[Date "2007.08.03"]
[Round "8.18"]
[White "Maura Delgado, Alejandro"]
[Black "Sanchez-Alarcos Galian, Victor"]
[Result "1-0"]
[WhiteElo "2133"]
[BlackElo "1958"]
[PlyCount "105"]
[EventDate "2007.07.29"]
[EventType "swiss"]
[EventRounds "9"]
[EventCountry "ESP"]
[Source "lmi"]
[SourceDate "2007.07.29"]

1. e4 e5 2. Nf3 d6 3. d4 exd4 4. Nxd4 Nf6 5. Nc3 Be7 6. g3 d5 7. exd5 Nxd5 8.
Nde2 Nxc3 9. Qxd8+ Bxd8 10. Nxc3 Bf5 11. Bg2 c6 12. Ne4 Bc7 13. Be3 Nd7 14.
O-O-O Ne5 15. Bc5 Be6 16. Nd6+ Bxd6 17. Bxd6 Nc4 18. Bc5 f6 19. b3 Nb6 20. c4
Kf7 21. Kc2 Rad8 22. a4 Nc8 23. Be3 Ke7 24. a5 a6 25. Kc3 Rxd1 26. Rxd1 Rd8 27.
Rxd8 Kxd8 28. Kb4 Bd7 29. Bc5 Ke8 30. Be4 Kf7 31. Bd3 g6 32. Be4 Ke6 33. Bg2
Kf7 34. Be4 Ke6 35. f4 Kf7 36. Kc3 Ke6 37. Bg2 Kf7 38. Kd4 Ke6 39. Bh3+ f5 40.
b4 Kf6 41. Bg2 Ke6 42. b5 Nd6 43. Bxd6 Kxd6 44. c5+ Ke6 45. b6 Kf6 46. Bf1 Bc8
47. Bc4 h6 48. Bd3 g5 49. Bc4 g4 50. Be2 Ke6 51. Bd3 h5 52. Be2 Kf6 53. Bc4 1-0

[Event "España ch sub-18 2007"]
[Site "Granada ESP"]
[Date "2007.08.03"]
[Round "8.19"]
[White "Tierraseca Montero, Pablo"]
[Black "Ladron De Guevara Pinto, Paolo"]
[Result "0-1"]
[WhiteElo "2119"]
[BlackElo "1780"]
[PlyCount "82"]
[EventDate "2007.07.29"]
[EventType "swiss"]
[EventRounds "9"]
[EventCountry "ESP"]
[Source "lmi"]
[SourceDate "2007.07.29"]

1. e4 e6 2. d3 d5 3. Nd2 Nf6 4. g3 c5 5. Bg2 Nc6 6. Ne2 Qc7 7. c3 b6 8. h3 Bb7
9. a3 Be7 10. O-O Rd8 11. Qc2 O-O 12. f4 dxe4 13. Nxe4 Nxe4 14. Bxe4 Na5 15.
Bxb7 Qxb7 16. Be3 c4 17. dxc4 Nxc4 18. Bd4 Bc5 19. Qd3 Qd5 20. b4 Bxd4+ 21.
Nxd4 Nd6 22. Rae1 Nf5 23. Re5 Qb3 24. Rxf5 exf5 25. Qe3 Qc4 26. Rc1 Rfe8 27.
Qd2 h6 28. a4 Re4 29. a5 bxa5 30. bxa5 Qc5 31. a6 Qa3 32. Qc2 Qxa6 33. Kf2 Rde8
34. Rb1 Qc4 35. Rb4 Qc7 36. Qb3 R4e7 37. Qc2 a5 38. Rb5 Re4 39. Qd3 Re3 40. Qd2
Rxc3 41. Rxf5 Qc4 0-1

[Event "España ch sub-18 2007"]
[Site "Granada ESP"]
[Date "2007.08.03"]
[Round "8.20"]
[White "Gimenez Martinez, Alberto"]
[Black "Aranaz Murillo, Amalia"]
[Result "1-0"]
[WhiteElo "2070"]
[BlackElo "1706"]
[PlyCount "75"]
[EventDate "2007.07.29"]
[EventType "swiss"]
[EventRounds "9"]
[EventCountry "ESP"]
[Source "lmi"]
[SourceDate "2007.07.29"]

1. e4 c6 2. d4 d5 3. exd5 cxd5 4. c4 Nf6 5. Nc3 e6 6. Nf3 Bb4 7. cxd5 Nxd5 8.
Bd2 Nc6 9. Bd3 O-O 10. O-O Be7 11. Be4 Nf6 12. Bxc6 bxc6 13. Be3 Nd5 14. Ne5
Qd6 15. Ne4 Qc7 16. Rc1 Bd7 17. Qa4 Rfc8 18. Nc5 Be8 19. Rc2 Bd6 20. Na6 Qb6
21. Nc4 Qd8 22. Nxd6 Qxd6 23. Rfc1 Qd8 24. Rc5 Qb6 25. b4 Bd7 26. Qa5 h6 27. h3
f5 28. Qa3 Qb7 29. R5c4 Qb5 30. Nc5 Nb6 31. R4c2 Kf7 32. Qb3 a5 33. bxa5 Qxa5
34. Nb7 Qd5 35. Qxb6 Rab8 36. Qa7 Kg8 37. Rc5 Ra8 38. Rxd5 1-0

[Event "España ch sub-18 2007"]
[Site "Granada ESP"]
[Date "2007.08.03"]
[Round "8.21"]
[White "Ladron De Guevara Pinto, Miguel"]
[Black "Ladron De Guevara Pinto, Fermin"]
[Result "1/2-1/2"]
[WhiteElo "2052"]
[BlackElo "2070"]
[PlyCount "60"]
[EventDate "2007.07.29"]
[EventType "swiss"]
[EventRounds "9"]
[EventCountry "ESP"]
[Source "lmi"]
[SourceDate "2007.07.29"]

1. e4 e6 2. d4 d5 3. Nd2 Nf6 4. e5 Nfd7 5. Bd3 c5 6. c3 Nc6 7. Ne2 cxd4 8. cxd4
Bb4 9. O-O O-O 10. Nf3 f5 11. exf6 Nxf6 12. Bf4 Bd6 13. Bxd6 Qxd6 14. Rc1 Bd7
15. Re1 Rae8 16. Nc3 Ng4 17. Bxh7+ Kh8 18. Ne5 Ncxe5 19. dxe5 Qb6 20. Qxg4
Qxf2+ 21. Kh1 Kxh7 22. Nxd5 exd5 23. Qxd7 Rxe5 24. Rg1 Qxb2 25. Rc7 Rg5 26.
Qh3+ Kg8 27. Qe6+ Kh7 28. Qh3+ Kg8 29. Qe6+ Kh7 30. Qh3+ Kg8 1/2-1/2

[Event "España ch sub-18 2007"]
[Site "Granada ESP"]
[Date "2007.08.03"]
[Round "8.22"]
[White "Guetas Sanchez, Hugo"]
[Black "Galvan Ruiz, Mario"]
[Result "1-0"]
[WhiteElo "2161"]
[BlackElo "1933"]
[PlyCount "49"]
[EventDate "2007.07.29"]
[EventType "swiss"]
[EventRounds "9"]
[EventCountry "ESP"]
[Source "lmi"]
[SourceDate "2007.07.29"]

1. e4 e6 2. d3 d5 3. Nd2 c5 4. Ngf3 Bd6 5. g3 Ne7 6. Bg2 Nbc6 7. O-O O-O 8. Nh4
Qc7 9. f4 f6 10. Re1 d4 11. a4 b6 12. Nc4 e5 13. f5 a6 14. g4 Bd7 15. g5 fxg5
16. Bxg5 b5 17. axb5 axb5 18. Rxa8 Rxa8 19. Na3 Nb4 20. Rf1 h6 21. f6 Rf8 22.
fxe7 Rxf1+ 23. Qxf1 hxg5 24. Qf8+ Kh7 25. Nf5 1-0

[Event "España ch sub-18 2007"]
[Site "Granada ESP"]
[Date "2007.08.03"]
[Round "8.23"]
[White "Jimenez Lupiañez, Laura"]
[Black "Jordan Martinez, David"]
[Result "0-1"]
[WhiteElo "1935"]
[BlackElo "2104"]
[PlyCount "70"]
[EventDate "2007.07.29"]
[EventType "swiss"]
[EventRounds "9"]
[EventCountry "ESP"]
[Source "lmi"]
[SourceDate "2007.07.29"]

1. d4 Nf6 2. c4 e6 3. Nc3 Bb4 4. e3 b6 5. Nge2 Bb7 6. a3 Be7 7. Ng3 d5 8. cxd5
exd5 9. Nf5 Bf8 10. Bd3 g6 11. Ng3 Bg7 12. O-O O-O 13. Rb1 c5 14. Nge2 Nc6 15.
dxc5 bxc5 16. Bb5 a6 17. Bxc6 Bxc6 18. b4 Qe7 19. bxc5 Qxc5 20. Bb2 Rab8 21. h3
Nd7 22. Qd2 Ne5 23. Rfd1 Nc4 24. Qc1 Rfd8 25. Rd3 h6 26. Kh2 Kh7 27. Nd1 Qd6+
28. Kg1 Nxb2 29. Nxb2 Bb5 30. Qd1 Bxd3 31. Nxd3 Qxa3 32. Rxb8 Rxb8 33. Ndf4 Qa2
34. Qxd5 Qxd5 35. Nxd5 a5 0-1

[Event "España ch sub-18 2007"]
[Site "Granada ESP"]
[Date "2007.08.03"]
[Round "8.24"]
[White "Velandrino Gomez, Maria Cielo"]
[Black "Ordoñez Torres, Jesus"]
[Result "1-0"]
[WhiteElo "2028"]
[BlackElo "1906"]
[PlyCount "53"]
[EventDate "2007.07.29"]
[EventType "swiss"]
[EventRounds "9"]
[EventCountry "ESP"]
[Source "lmi"]
[SourceDate "2007.07.29"]

1. d4 Nf6 2. Bg5 d5 3. Bxf6 gxf6 4. e3 e6 5. c4 c6 6. Nc3 dxc4 7. Bxc4 b5 8.
Be2 Bb7 9. Nf3 a6 10. Qb3 Nd7 11. Rd1 Rg8 12. O-O f5 13. e4 Qf6 14. Rfe1 Qg6
15. Bf1 fxe4 16. Nxe4 Rd8 17. Neg5 Be7 18. Nxe6 fxe6 19. Rxe6 Qf7 20. Rde1 Rg6
21. Rxe7+ Qxe7 22. Rxe7+ Kxe7 23. Qe3+ Re6 24. Qg5+ Ke8 25. Qg8+ Ke7 26. Qxh7+
Ke8 27. Ng5 1-0

[Event "España ch sub-18 2007"]
[Site "Granada ESP"]
[Date "2007.08.03"]
[Round "8.25"]
[White "Jimenez Garcia, Alberto"]
[Black "Perez Castellano, Susana"]
[Result "0-1"]
[WhiteElo "1989"]
[BlackElo "1861"]
[PlyCount "126"]
[EventDate "2007.07.29"]
[EventType "swiss"]
[EventRounds "9"]
[EventCountry "ESP"]
[Source "lmi"]
[SourceDate "2007.07.29"]

1. e4 e5 2. Nf3 Nc6 3. Bb5 Nf6 4. O-O Be7 5. Re1 d6 6. d4 Bd7 7. c3 O-O 8. Nbd2
Nxd4 9. Nxd4 exd4 10. Bxd7 dxc3 11. Ba4 cxd2 12. Bxd2 c6 13. Bc3 Re8 14. Qf3
Qc7 15. Rad1 Rad8 16. Qf5 d5 17. e5 Ne4 18. Rd3 Bc5 19. Re2 Nxc3 20. bxc3 Re6
21. Rh3 g6 22. Qg5 f6 23. Qg4 Rxe5 24. Rxe5 Qxe5 25. Qd1 Bxf2+ 26. Kxf2 Qf4+
27. Kg1 Re8 28. Rf3 Qe5 29. Bb3 f5 30. c4 d4 31. c5+ Kh8 32. Qc1 Qe1+ 33. Qxe1
Rxe1+ 34. Kf2 Re4 35. Bd1 Kg7 36. Rb3 Re7 37. Rd3 Rd7 38. Bf3 Kf6 39. h4 Ke5
40. g3 f4 41. g4 h6 42. Ra3 d3 43. Rxa7 d2 44. Bd1 Kd4 45. Ra4+ Ke5 46. Rb4 g5
47. h5 Kd5 48. Rb2 Kxc5 49. Ke2 b5 50. Rb3 Kc4 51. Rf3 b4 52. Bb3+ Kb5 53. Rd3
Rxd3 54. Kxd3 Kc5 55. Kxd2 Kd4 56. Ba4 c5 57. Bb5 c4 58. Ba4 f3 59. Bd1 c3+ 60.
Kc1 Ke3 61. Ba4 f2 62. Bb5 Kf3 63. Kd1 Kxg4 0-1

[Event "España ch sub-18 2007"]
[Site "Granada ESP"]
[Date "2007.08.03"]
[Round "8.26"]
[White "Rodriguez Perez, Angel Mariano"]
[Black "Martinez Salas, Imanol"]
[Result "0-1"]
[WhiteElo "1929"]
[BlackElo "1981"]
[PlyCount "64"]
[EventDate "2007.07.29"]
[EventType "swiss"]
[EventRounds "9"]
[EventCountry "ESP"]
[Source "lmi"]
[SourceDate "2007.07.29"]

1. e4 e6 2. d4 d5 3. exd5 exd5 4. Bd3 Bd6 5. Nf3 Bg4 6. O-O Nc6 7. c3 Nge7 8.
Bg5 f6 9. Bh4 Qd7 10. Bg3 Bxg3 11. fxg3 O-O-O 12. a4 h5 13. h3 Bf5 14. Nh4 Be6
15. Qc2 Rde8 16. Nd2 Kb8 17. a5 Qd6 18. Qb3 Nd8 19. Ra4 Bd7 20. Rfa1 Bxa4 21.
Rxa4 Qxg3 22. Ba6 Qd6 23. Bxb7 Nxb7 24. c4 Ka8 25. a6 Nd8 26. cxd5 Qxd5 27. Nc4
Nc8 28. Rb4 Nc6 29. Rb5 Qxd4+ 30. Kh2 Nb6 31. Nxb6+ cxb6 32. Qf3 Qd6+ 0-1

[Event "España ch sub-18 2007"]
[Site "Granada ESP"]
[Date "2007.08.03"]
[Round "8.28"]
[White "Barbosa Rubies, Laia"]
[Black "Riera Morilla, Elizabeth"]
[Result "1/2-1/2"]
[WhiteElo "1847"]
[BlackElo "1952"]
[PlyCount "99"]
[EventDate "2007.07.29"]
[EventType "swiss"]
[EventRounds "9"]
[EventCountry "ESP"]
[Source "lmi"]
[SourceDate "2007.07.29"]

1. e4 c5 2. Nf3 g6 3. d4 cxd4 4. Nxd4 Bg7 5. Nc3 Nc6 6. Be3 Nf6 7. Be2 O-O 8.
O-O d5 9. exd5 Nxd5 10. Nxd5 Qxd5 11. Bf3 Qc4 12. Nxc6 bxc6 13. c3 Rb8 14. Qc1
a5 15. Re1 a4 16. Bf4 Rb7 17. Re4 Qb5 18. Rb4 Qa6 19. Rxb7 Bxb7 20. Rb1 e5 21.
Be3 f5 22. Qf1 e4 23. Qxa6 Bxa6 24. Bd1 Bd3 25. Rc1 f4 26. Bc5 Rf5 27. Ba3 Ra5
28. Bc2 Bxc2 29. Rxc2 Rd5 30. Rc1 Rd2 31. Kf1 f3 32. gxf3 exf3 33. Ke1 Re2+ 34.
Kf1 Bf8 35. Bxf8 Kxf8 36. Rb1 a3 37. bxa3 Rxa2 38. Ke1 Re2+ 39. Kf1 Rc2 40. Re1
g5 41. h3 Rxc3 42. Ra1 Rb3 43. a4 c5 44. a5 c4 45. a6 Rb8 46. Ke1 c3 47. Kd1 h5
48. Kc2 g4 49. hxg4 hxg4 50. Kxc3 1/2-1/2

[Event "España ch sub-18 2007"]
[Site "Granada ESP"]
[Date "2007.08.03"]
[Round "8.29"]
[White "Martinez Rodriguez, Pablo"]
[Black "Santiso Becerra, Pablo"]
[Result "1/2-1/2"]
[WhiteElo "1942"]
[BlackElo "1841"]
[PlyCount "91"]
[EventDate "2007.07.29"]
[EventType "swiss"]
[EventRounds "9"]
[EventCountry "ESP"]
[Source "lmi"]
[SourceDate "2007.07.29"]

1. e4 c5 2. Nc3 d6 3. f4 Nf6 4. Bc4 Nc6 5. h3 e6 6. d3 a6 7. a4 d5 8. Bb3 dxe4
9. dxe4 Qxd1+ 10. Kxd1 Nd4 11. Bc4 b6 12. e5 Ng8 13. Nge2 Bb7 14. Rg1 O-O-O 15.
Bd2 Ne7 16. Nxd4 Rxd4 17. Bd3 Nc6 18. Ne2 Rd7 19. Be4 c4 20. Ke1 Bc5 21. Rf1
Rhd8 22. Bc3 Kb8 23. Ng3 g6 24. Ke2 h5 25. Rfd1 Kc7 26. Rxd7+ Rxd7 27. Rd1 Rxd1
28. Kxd1 Be3 29. Bd2 Bc5 30. Bc3 b5 31. axb5 axb5 32. Bf3 b4 33. Bd2 Nd4 34.
Bxb7 Kxb7 35. Ne4 Be7 36. Be3 Nb5 37. Bc5 Bxc5 38. Nxc5+ Kc6 39. Ne4 Kd7 40.
Kd2 Ke7 41. c3 bxc3+ 42. bxc3 Nc7 43. Ke3 Nd5+ 44. Kf3 Kf8 45. g3 Kg7 46. Ke2
1/2-1/2

[Event "España ch sub-18 2007"]
[Site "Granada ESP"]
[Date "2007.08.03"]
[Round "8.30"]
[White "Torres Tellez, Jonathan"]
[Black "Ruiz De La Torre Perez, Cristina"]
[Result "1-0"]
[WhiteElo "2084"]
[BlackElo "1912"]
[PlyCount "51"]
[EventDate "2007.07.29"]
[EventType "swiss"]
[EventRounds "9"]
[EventCountry "ESP"]
[Source "lmi"]
[SourceDate "2007.07.29"]

1. e4 e5 2. Nf3 Nc6 3. Bc4 Nf6 4. d3 Be7 5. c3 O-O 6. O-O d6 7. Nbd2 Na5 8. Bb5
Kh8 9. Re1 Ng8 10. d4 a6 11. Ba4 b5 12. Bc2 Nc6 13. a4 Bb7 14. Nf1 g6 15. Ng3
Bf6 16. Be3 Bg7 17. h4 b4 18. h5 Bh6 19. Qd2 Bxe3 20. Qxe3 bxc3 21. bxc3 h6 22.
hxg6 fxg6 23. Bb3 Kg7 24. Rab1 Rb8 25. Bd5 exd4 26. Nxd4 1-0

[Event "España ch sub-18 2007"]
[Site "Granada ESP"]
[Date "2007.08.04"]
[Round "9.1"]
[White "Llorente Zaro, Alfonso"]
[Black "Huerga Leache, Mikel"]
[Result "0-1"]
[WhiteElo "2422"]
[BlackElo "2370"]
[PlyCount "119"]
[EventDate "2007.07.29"]
[EventType "swiss"]
[EventRounds "9"]
[EventCountry "ESP"]
[Source "lmi"]
[SourceDate "2007.07.29"]

1. c4 e5 2. g3 Nf6 3. Bg2 c6 4. d4 Bb4+ 5. Bd2 Bxd2+ 6. Qxd2 d6 7. Nc3 O-O 8.
e3 Qe7 9. Nge2 Be6 10. d5 cxd5 11. cxd5 Bd7 12. O-O Na6 13. h3 b5 14. e4 b4 15.
Nd1 Nc5 16. f3 Bb5 17. Ne3 g6 18. Kh2 Nh5 19. Rg1 Kh8 20. g4 Ng7 21. Ng3 Rab8
22. Bf1 Bd7 23. Bd3 Qg5 24. Rad1 Rbc8 25. Bb1 Na4 26. Ng2 Qxd2 27. Rxd2 f5 28.
exf5 gxf5 29. g5 Nb6 30. h4 Be8 31. f4 e4 32. Ne3 Bg6 33. Rd4 a5 34. Bc2 Rc5
35. Rgd1 Rfc8 36. R1d2 Nc4 37. Rxc4 Rxc4 38. Bd1 Rc1 39. h5 Rxd1 40. Nxd1 Nxh5
41. Ne2 h6 42. gxh6 Kh7 43. Ne3 Kxh6 44. b3 Nf6 45. Ng3 Rc3 46. Nexf5+ Bxf5 47.
Nxf5+ Kh5 48. Nxd6 e3 49. Re2 Kg4 50. Nc4 Kf3 51. Re1 Ng4+ 52. Kg1 Rc2 53. Ne5+
Nxe5 54. fxe5 Rg2+ 55. Kh1 Rg5 56. e6 Kf2 57. Re2+ Kxe2 58. e7 Rg8 59. Kh2 Kf2
60. d6 0-1